Normal view
MARC view
- TEXTBOOKS-MTS. VECTOR MECHANICS FOR ENGINEERS STATICS AND DYNAMICS
Entry Topical Term
001 - CONTROL NUMBER
- control field: 112952
003 - CONTROL NUMBER IDENTIFIER
- control field: NUST
005 - DATE AND TIME OF LATEST TRANSACTION
- control field: 20230601105935.0
008 - FIXED-LENGTH DATA ELEMENTS
- fixed length control field: 230601|| aca||aabn | a|a d
040 ## - CATALOGING SOURCE
- Original cataloging agency: NUST
- Transcribing agency: NUST
150 ## - HEADING--TOPICAL TERM
- Topical term or geographic name entry element: TEXTBOOKS-MTS. VECTOR MECHANICS FOR ENGINEERS STATICS AND DYNAMICS
670 ## - SOURCE DATA FOUND
- Source citation: Work cat.: (NUST)594881: Beer, Ferdinand P. , Vector Mechanics for Engineers: , 2015.
